| 000 | 01161nam a22001937a 4500 | ||
|---|---|---|---|
| 999 |
_c63572 _d63572 |
||
| 003 | Ge_BSU | ||
| 005 | 20251103171511.0 | ||
| 008 | 251103s1982 ge ||||| |||| 00| 0 geo d | ||
| 041 | _ageo | ||
| 080 | _a338.43(479.22) :631.115.11(479.22) მ-45 | ||
| 100 |
_aმგელაძე, გურამ _926150 |
||
| 245 |
_aცდა, რომელიც გამოცდილებად იქცა : _b(რაიკომის მდივნის ჩანაწერები) [აბაშის რაიონის ექსპერიმენტის შესახებ] / _c გურამ მგელაძე. |
||
| 264 |
_aთბ. : _bსაბჭ. საქართველო, _c1982. |
||
| 300 |
_a189 გვ. : _b 8 ფ. ილ. ; _c20 სმ. |
||
| 653 | _aსაქართველოს სოფლის მეურნეობის ეკონომიკა | ||
| 653 | _aეკონომიკური ექსპერიმენტები საქართველოში | ||
| 653 | _aპირადი დამხმარე მეურნეობები | ||
| 942 |
_2udc _cᲬᲘᲒᲜᲘ |
||